000 00551nam a2200181 i 4500
001 28038
003 ES-MaACL
005 20250927162913.0
007 t|
008 030116s1962 sp ||||1| spa d
100 1 _aBandini, Franco.
_925181
245 1 4 _aLas últimas horas de Mussolini /
_cFranco Bandini ; [traducción de Esteban Riambau].
260 _aBarcelona :
_bMateu,
_c[1962]
300 _a288 p., 7 lám. ;
_c19 cm.
700 1 _aRiambau, Esteve,
_d1925-1994
_9156353
852 _aES-MaACL
_jC-22282
_bR.50630
999 _c28038
_d28038